| 000 | 01753nam0a2200337 4500 | ||
|---|---|---|---|
| 001 | RU\NLR\bibl\1697115 | ||
| 005 | 20260407163320.0 | ||
| 010 |
_a978-5-94771-117-2 _9500 |
||
| 021 |
_aRU _b2010-76807 _95121 |
||
| 035 | _a(NLR Aleph) 001688207 | ||
| 090 |
_a1144125 _c1144125 |
||
| 100 | _a20101110d2010 |||y0rusy50 ca | ||
| 101 | 0 | _arus | |
| 102 | _aRU | ||
| 105 | _aa ||||||||| | ||
| 200 | 1 |
_aПотребительская кооперация: теория, методология, практика _eматериалы международной научно-практической конференции _f[редкол.: И. Т. Насретдинов и др.] |
|
| 210 |
_aМосква _cРоссийский университет кооперации _d2010 |
||
| 215 |
_a490 с. _cил. _d21 |
||
| 300 | _aВ надзаг.: Авт. некоммерч. орг. высш. проф. образования Центросоюза Рос. Федерации "Рос. ун-т кооперации", Казан. кооп. ин-т (фил.) | ||
| 320 | _aБиблиогр. в подстроч. примеч. и в конце докл. | ||
| 606 | 1 |
_aПотребительская кооперация _jСъезды, совещания и т.п. _91221222 _3RU\NLR\auth\66178668 |
|
| 686 | _aУ42(0)108я431 | ||
| 702 | 1 |
_aНасретдинов _bИ. Т. _gИльдар Талифович _4340 |
|
| 712 | 0 | 2 |
_4570 _aКазанский кооперативный институт _3RU\NLR\AUTH\8810102057 _9704860 |
| 801 | 0 |
_aRU _bNLR _c20101110 _gRCR |
|
| 801 | 1 |
_aRU _bNLR _c20101110 |
|
| 942 | _cBOOK | ||
| 980 | _aNB | ||